| 000 | 00649nam a22001577a 4500 | ||
|---|---|---|---|
| 003 | OSt | ||
| 005 | 20150923145748.0 | ||
| 008 | 150923b xxu||||| |||| 00| 0 eng d | ||
| 040 | _cRUA | ||
| 082 | _aAGR NIT 2010 B046 Or.1 | ||
| 100 |
_91195 _aNIT, PECH |
||
| 245 | _aEffect of organic fertilizers on chinese kale at sangker district, battambang province ឥទ្ធិពលជីធម្មជាតិលើដំណាំខាត់ណាដើមដែលឋិតក្នុងស្រុកសង្កែ ខេត្តបាត់ដំបង | ||
| 260 |
_aPhnom Penh _bRUA _c2010 |
||
| 300 |
_axi, 38p. _bill. _c29cm. |
||
| 942 |
_2ddc _cAGR |
||
| 999 |
_c1138 _d1138 |
||